Portuguese Body Part Vocabulary - Statistics

General Stats
  • This quiz has been taken 620 times
    618 since last reset
  • The average score is 42 of 82
Answer Stats
Hint Answer % Correct
head cabeça
94%
foot
94%
eye olho
91%
mouth boca
89%
hair cabelo
87%
nose nariz
86%
tooth dente
82%
hand mão
82%
arm braço
81%
finger dedo
81%
toe dedo do pé
81%
heart coração
79%
tongue língua
75%
leg perna
75%
beard barba
71%
stomach estômago
70%
ear orelha
70%
blood sangue
69%
muscle músculo
68%
brain cérebro
67%
lip lábio
67%
shoulder ombro
66%
nail unha
66%
bone osso
65%
iris íris
64%
knee joelho
63%
skin pele
63%
back costas
61%
palm palma
61%
neck pescoço
59%
organ órgão
58%
chest peito
58%
lung pulmão
57%
saliva saliva
56%
forehead testa
56%
throat garganta
55%
intestine intestino
55%
face rosto
55%
mustache bigode
53%
cell célula
52%
liver fígado
51%
cheek bochecha
50%
pupil pupila
50%
uvula úvula
49%
torso torso
47%
forearm antebraço
46%
vein veia
46%
fat gordura
45%
wrist pulso
45%
waist cintura
43%
kidney rim
43%
eyebrow sobrancelha
43%
appendix apêndice
42%
jaw maxilar
42%
pore poro
42%
chin queixo
42%
skull crânio
40%
thigh coxa
39%
ankle tornozelo
39%
eyelash cílio
37%
spine espinha dorsal
37%
thumb polegar
36%
belly button umbigo
36%
nostril narina
33%
eyelid pálpebra
33%
joint articulação
31%
bladder bexiga
31%
hip quadril
31%
butt bumbum
28%
spleen baço
27%
dimple covinha
27%
tissue tecido
27%
earlobe lóbulo da orelha
26%
mole sinal
23%
sideburns suíças
21%
knuckle
20%
freckle sarda
20%
calf panturrilha
19%
cheekbone osso malar
17%
birthmark sinal de nascença
16%
snot ranho
12%
shin canela
11%
No matching quizzes found
Score Distribution
Percent of People with Each Score
Percentile by Number Answered
Your Score History
You have not taken this quiz since the last reset